000 00897nam a22002297a 4500
999 _c63334
_d63334
005 20240530110635.0
008 170923s2015 ua a g b 000 0 ara d
017 _a23507
_bمصر. دار الكتب
020 _a9789773686772
040 _aEG-CaGPL
_cEG-CaGPL
082 0 4 _221
_a362.2\
_bو إ
100 0 _aوليد محمد على محمد .
245 1 0 _aاستخدام الاستراتيجيات البصرية فى تنمية مهارات التواصل الاجتماعى لدى الاطفال التوحديين /
_cاعداد وليد محمد على محمد .
250 _aط.1
260 _aالاسكندرية :
_bمؤسسة حورس الدولية
_c 2015 .
300 _a270 ص ؛
_c24 سم .
650 0 7 _2qrmak
_aالطفل التوحدى .
650 0 7 _2qrmak
_aالتوحد .
651 _2qrmak
942 _2ddc
_cBK